Statistics for Letters by percentage of continent

Click here to take the quiz!

General Stats

  • This quiz has been taken 16 times
  • The average score is 16 of 86

Answer Stats

ContinentPercentageLetter% Correct
South America16,67%B
91%
South America16,67%C
82%
Europe15,56%S
64%
Africa14,81%S
64%
Oceania14,28%F
55%
South America16,67%P
55%
Oceania14,28%S
55%
Oceania14,28%T
55%
North America13,04%B
45%
North America13,04%C
45%
Oceania14,28%N
45%
Oceania14,28%P
45%
North America13,04%S
45%
South America8,33%A
36%
South America8,33%E
36%
Africa9,25%E
36%
Asia10,41%I
36%
Europe8,88%L
36%
South America8,33%S
36%
Asia10,41%S
36%
Asia10,41%T
36%
Oceania7,14%A
27%
Europe8,88%B
27%
Africa9,25%C
27%
North America8,69%D
27%
South America8,33%G
27%
North America8,69%G
27%
North America8,69%H
27%
Europe8,88%M
27%
Africa12,96%M
27%
South America8,33%U
27%
South America8,33%V
27%
Europe6,67%A
18%
Asia8,33%B
18%
Africa7,40%B
18%
Africa9,25%G
18%
Europe6,67%I
18%
Oceania7,14%K
18%
Asia8,33%M
18%
Oceania7,14%M
18%
Africa3,70%A
9%
Asia6,25%A
9%
North America4,34%A
9%
Asia2,08%E
9%
Europe2,22%E
9%
North America4,34%E
9%
Africa1,85%I
9%
Africa3,70%R
9%
Europe4,44%R
9%
Africa5,55%T
9%
North America4,34%T
9%
Oceania7,14%V
9%
Asia6,25%C
0%
Europe4,44%C
0%
Europe2,22%D
0%
Africa3,70%D
0%
Europe4,44%F
0%
Europe4,44%G
0%
Asia2,08%G
0%
Europe2,22%H
0%
North America4,34%J
0%
Asia4,16%J
0%
Africa1,85%K
0%
Asia6,25%K
0%
Europe2,22%K
0%
Africa1,85%L
0%
Asia4,16%L
0%
Africa3,70%L
0%
North America4,34%M
0%
North America4,34%N
0%
Europe6,67%N
0%
Africa5,55%N
0%
Asia4,16%N
0%
Asia2,08%O
0%
North America4,34%P
0%
Europe4,44%P
0%
Asia4,16%P
0%
Asia2,08%Q
0%
Europe4,44%U
0%
Asia4,16%U
0%
North America4,34%U
0%
Africa1,85%U
0%
Europe2,22%V
0%
Asia2,08%V
0%
Asia2.08%Y
0%
Africa3,70%Z
0%

Score Distribution

Percentile by Number Answered

Percent of People with Each Score

Your Score History

You have not taken this quiz